[Event "VL 2017/18"]
[Site "Mecklenburg-Vorpommern"]
[Date "2017.12.10"]
[Round "4.3"]
[White "Stutz, Reno"]
[Black "Stoevesand, Peter"]
[Result "1/2-1/2"]
[WhiteElo "1967"]
[BlackElo "1901"]
[PlyCount "81"]
[EventDate "2017.??.??"]
[EventType "team-tourn"]
[EventRounds "9"]
[SourceDate "2017.10.08"]
[WhiteTeam "ASV Wismar"]
[BlackTeam "SG Neubrandenburg"]

1. d4 d5 2. Nf3 Nf6 3. e3 e6 4. Bd3 Be7 5. Nbd2 Nbd7 6. O-O O-O 7. b3 b6 8. Bb2
c5 9. Ne5 Bb7 10. Ndf3 Rc8 11. c4 dxc4 12. bxc4 Be4 13. Nxd7 Qxd7 14. Ne5 Qb7
15. f3 Bxd3 16. Qxd3 Rfd8 17. Rfd1 Nd7 18. Ng4 h5 19. Nf2 cxd4 20. Bxd4 Bf6 21.
Bxf6 gxf6 22. Ne4 Qc7 23. Qc3 f5 24. Rxd7 Rxd7 25. Nf6+ Kf8 26. Nxd7+ Qxd7 27.
Rc1 Kg8 28. Qd4 Qxd4 29. exd4 Kf8 30. Kf2 Ke7 31. Ke3 Kd6 32. Kd3 f6 33. a4 Rg8
34. Rc2 h4 35. Kc3 f4 36. Re2 h3 37. gxh3 Rh8 38. Kb4 Rxh3 39. c5+ Kd5 40. c6
Kxc6 41. Rxe6+ 1/2-1/2

[Event "VL 2017/18"]
[Site "Mecklenburg-Vorpommern"]
[Date "2017.12.10"]
[Round "4.4"]
[White "Baier, Karsten"]
[Black "Roeder, Phillip"]
[Result "1/2-1/2"]
[WhiteElo "1868"]
[BlackElo "1924"]
[PlyCount "55"]
[EventDate "2017.??.??"]
[EventType "team-tourn"]
[EventRounds "9"]
[SourceDate "2017.10.08"]
[WhiteTeam "SG Neubrandenburg"]
[BlackTeam "ASV Wismar"]

1. d4 Nf6 2. c4 c5 3. d5 b5 4. cxb5 a6 5. bxa6 Bxa6 6. Nf3 d6 7. g3 g6 8. Nc3
Bg7 9. Bh3 O-O 10. O-O Nbd7 11. Re1 Qc7 12. e4 Rfb8 13. Qc2 Ne8 14. Bxd7 Qxd7
15. e5 Qb7 16. e6 f6 17. Nh4 f5 18. g4 Qb4 19. h3 Nf6 20. a3 Qc4 21. Bg5 Nxd5
22. gxf5 Nxc3 23. bxc3 Bxc3 24. Bxe7 Bxa1 25. Qxc4 Bxc4 26. Rxa1 gxf5 27. Bxd6
Bxe6 28. Bxb8 1/2-1/2

[Event "VL 2017/18"]
[Site "Mecklenburg-Vorpommern"]
[Date "2017.12.10"]
[Round "4.5"]
[White "Junggebauer, Thomas"]
[Black "Kunow, Frank"]
[Result "1-0"]
[WhiteElo "1888"]
[BlackElo "1875"]
[PlyCount "93"]
[EventDate "2017.??.??"]
[EventType "team-tourn"]
[EventRounds "9"]
[SourceDate "2017.10.08"]
[WhiteTeam "ASV Wismar"]
[BlackTeam "SG Neubrandenburg"]

1. e4 g6 2. d4 Bg7 3. Nc3 a6 4. f4 d6 5. Nf3 b5 6. Be3 Bb7 7. a3 Nd7 8. Bd3 e6
9. O-O Ngf6 10. f5 exf5 11. exf5 O-O 12. Bg5 c5 13. Be4 Qc7 14. Bxb7 Qxb7 15.
Qd3 b4 16. axb4 cxb4 17. Ne2 Qe4 18. fxg6 hxg6 19. Qd2 Rfe8 20. Nc1 a5 21. Re1
Qd5 22. Rxe8+ Rxe8 23. Nb3 Ra8 24. Qd3 Ne4 25. Be3 Ndf6 26. h3 Ng3 27. Nbd2 Nf5
28. Bf2 Rc8 29. c4 bxc3 30. bxc3 Ra8 31. Ra4 Nd7 32. c4 Qc6 33. Qa3 Nb6 34. d5
Qc7 35. Rxa5 Rxa5 36. Qxa5 Nxd5 37. Qxd5 Qe7 38. Ne4 Qd7 39. c5 Qb5 40. Nfg5
Qb1+ 41. Kh2 Be5+ 42. g3 Nh6 43. cxd6 Qb2 44. d7 Bxg3+ 45. Kxg3 Nf5+ 46. Kh2
Qb8+ 47. Ng3 1-0

[Event "VL 2017/18"]
[Site "Mecklenburg-Vorpommern"]
[Date "2017.12.10"]
[Round "4.6"]
[White "Witkowski, Rainer"]
[Black "Schulz, Bernd"]
[Result "1/2-1/2"]
[WhiteElo "1849"]
[BlackElo "1851"]
[PlyCount "57"]
[EventDate "2017.??.??"]
[EventType "team-tourn"]
[EventRounds "9"]
[SourceDate "2017.10.08"]
[WhiteTeam "SG Neubrandenburg"]
[BlackTeam "ASV Wismar"]

1. e4 e5 2. Nf3 Nc6 3. Bc4 Bc5 4. c3 Nf6 5. d3 d6 6. O-O h6 7. h3 O-O 8. Re1
Re8 9. Nbd2 a6 10. b4 Ba7 11. Nf1 Be6 12. Ng3 Qe7 13. Be3 Bxe3 14. Rxe3 Rad8
15. Qb3 d5 16. exd5 Nxd5 17. Bxd5 Bxd5 18. Qc2 g6 19. Rae1 Bxf3 20. Rxf3 f5 21.
d4 e4 22. Rfe3 Qf7 23. Nf1 Ne7 24. Nd2 Nd5 25. R3e2 Nf4 26. Re3 Nd5 27. R3e2
Nf4 28. Re3 Nd5 29. R3e2 1/2-1/2

[Event "VL 2017/18"]
[Site "Mecklenburg-Vorpommern"]
[Date "2017.12.10"]
[Round "4.7"]
[White "Podolskiy, Alexander"]
[Black "Winkler, Karl"]
[Result "1/2-1/2"]
[WhiteElo "1847"]
[BlackElo "1829"]
[PlyCount "81"]
[EventDate "2017.??.??"]
[EventType "team-tourn"]
[EventRounds "9"]
[SourceDate "2017.10.08"]
[WhiteTeam "ASV Wismar"]
[BlackTeam "SG Neubrandenburg"]

1. e4 Nf6 2. e5 Nd5 3. d4 d6 4. Nf3 e6 5. c4 Nb6 6. Bf4 dxe5 7. Nxe5 N8d7 8.
Nc3 Nxe5 9. Bxe5 f6 10. Bf4 Bd6 11. Be3 Be7 12. Bd3 Bd7 13. Qh5+ Kf8 14. O-O-O
Be8 15. Qe2 Bg6 16. Bxg6 hxg6 17. h4 Qe8 18. d5 exd5 19. cxd5 Rd8 20. Kb1 Bb4
21. Bxb6 Qxe2 22. Nxe2 axb6 23. Nf4 Kf7 24. Rc1 Rd7 25. Ne6 Rxd5 26. Nxc7 Rc5
27. Rxc5 Bxc5 28. f3 Bf2 29. Nd5 Rh5 30. Nc3 Rxh4 31. Rxh4 Bxh4 32. Kc2 Ke6 33.
Kd3 f5 34. b3 Ke5 35. Ne2 Bf2 36. a4 f4 37. Nc3 g5 38. Ne4 Bh4 39. Nd2 Kd5 40.
Ne4 Ke5 41. Nd2 1/2-1/2

[Event "VL 2017/18"]
[Site "Mecklenburg-Vorpommern"]
[Date "2017.12.10"]
[Round "4.8"]
[White "Schulz, Daniel"]
[Black "Pentzien, Volker"]
[Result "1-0"]
[WhiteElo "1764"]
[BlackElo "1771"]
[PlyCount "47"]
[EventDate "2017.??.??"]
[EventType "team-tourn"]
[EventRounds "9"]
[SourceDate "2017.10.08"]
[WhiteTeam "SG Neubrandenburg"]
[BlackTeam "ASV Wismar"]

1. e4 e5 2. Nc3 Nf6 3. f4 d5 4. fxe5 Nxe4 5. Nf3 Bc5 6. d4 Bb4 7. Bd2 Nc6 8.
Bb5 Bxc3 9. bxc3 O-O 10. O-O Be6 11. Bd3 Nxd2 12. Qxd2 f6 13. exf6 Qxf6 14.
Bxh7+ Kh8 15. Bd3 Bg4 16. Ne5 Qd6 17. Ng6+ Kg8 18. Nxf8 Rxf8 19. Rxf8+ Qxf8 20.
Rf1 Qe7 21. Qf4 Bd7 22. Qf3 Be6 23. Qh5 g6 24. Qxg6+ 1-0

[Event "VL 2017/18"]
[Site "Mecklenburg-Vorpommern"]
[Date "2018.01.21"]
[Round "5.2"]
[White "Littke, Helmut"]
[Black "Dettmann, Gerd"]
[Result "0-1"]
[WhiteElo "1949"]
[BlackElo "2107"]
[PlyCount "73"]
[EventDate "2017.??.??"]
[EventType "team-tourn"]
[EventRounds "9"]
[SourceDate "2017.10.08"]
[WhiteTeam "ASV Wismar"]
[BlackTeam "SG Guestrow/Teterow"]

1. Nf3 c5 2. c4 g6 3. g3 Bg7 4. Bg2 Nc6 5. O-O Nf6 6. d4 cxd4 7. Nxd4 O-O 8. e4
d6 9. Nxc6 bxc6 10. e5 dxe5 11. Qxd8 Rxd8 12. Bxc6 Bh3 13. Bg2 Bxg2 14. Kxg2
Ne4 15. Be3 f5 16. f3 Nd6 17. Nd2 e4 18. c5 exf3+ 19. Kxf3 Nb5 20. Nb3 Bxb2 21.
Rad1 Kf7 22. c6 Ba3 23. Na5 Ke8 24. Nc4 Bd6 25. Rb1 Nc3 26. Rb7 Rac8 27. Rc1
Nd5 28. Bxa7 Rxc6 29. Nxd6+ Rcxd6 30. Rc4 R6d7 31. Rxd7 Kxd7 32. Bd4 Ra8 33. a4
Ra5 34. Bf2 e5 35. h4 e4+ 36. Kg2 h5 37. Be1 0-1

[Event "VL 2017/18"]
[Site "Mecklenburg-Vorpommern"]
[Date "2018.01.21"]
[Round "5.3"]
[White "Luther, Alexander"]
[Black "Stutz, Reno"]
[Result "1-0"]
[WhiteElo "1973"]
[BlackElo "1967"]
[PlyCount "43"]
[EventDate "2017.??.??"]
[EventType "team-tourn"]
[EventRounds "9"]
[SourceDate "2017.10.08"]
[WhiteTeam "SG Guestrow/Teterow"]
[BlackTeam "ASV Wismar"]

1. e4 c5 2. Nf3 a6 3. d4 cxd4 4. Nxd4 Nf6 5. Nc3 e5 6. Nb3 Bb4 7. Bd2 Bxc3 8.
Bxc3 Nxe4 9. Qg4 Ng5 10. h4 Ne6 11. Bxe5 O-O 12. Bc4 Nc6 13. Bd6 Re8 14. O-O-O
Qf6 15. f4 a5 16. f5 h5 17. Qxh5 Ned8 18. Rhe1 Ne5 19. Nc5 Ndc6 20. Ne4 Qh6+
21. Qxh6 gxh6 22. Nf6+ 1-0

[Event "VL 2017/18"]
[Site "Mecklenburg-Vorpommern"]
[Date "2018.01.21"]
[Round "5.4"]
[White "Roeder, Phillip"]
[Black "Dettmann, Holger"]
[Result "0-1"]
[WhiteElo "1924"]
[BlackElo "1915"]
[PlyCount "122"]
[EventDate "2017.??.??"]
[EventType "team-tourn"]
[EventRounds "9"]
[SourceDate "2017.10.08"]
[WhiteTeam "ASV Wismar"]
[BlackTeam "SG Guestrow/Teterow"]

1. Nc3 d5 2. e4 dxe4 3. Nxe4 Nf6 4. Nxf6+ exf6 5. Bc4 Bd6 6. Qh5 O-O 7. d4 Bb4+
8. Kf1 Qxd4 9. Bd3 g6 10. Qf3 Nc6 11. Ne2 Qd8 12. Qg3 Bd6 13. Bf4 Ne5 14. Be4
Nc4 15. Qb3 Bxf4 16. Qxc4 Be5 17. Qb5 c6 18. Qb3 Qb6 19. Qxb6 axb6 20. c3 Be6
21. f4 Bc7 22. a3 Bc4 23. g3 Rad8 24. b3 Bxe2+ 25. Kxe2 Rfe8 26. Kf3 f5 27. Bc2
Rd2 28. Bd1 b5 29. g4 Bb6 30. Kg3 Re3+ 31. Bf3 fxg4 32. Kxg4 h5+ 33. Kg3 Rdd3
34. Rhf1 Rxc3 35. h4 Rxb3 36. a4 b4 37. a5 Bd4 38. Rad1 c5 39. Rf2 Ra3 40. Kg2
Kg7 41. Rff1 Kf6 42. Rd2 Ke7 43. Bxb7 Rg3+ 44. Kh1 Rxa5 45. Bd5 Raa3 46. Re2+
Kf6 47. Rg2 Rxg2 48. Kxg2 Rc3 49. f5 g5 50. hxg5+ Kxg5 51. Bxf7 h4 52. Be6 c4
53. f6 Bxf6 54. Rf5+ Kg6 55. Rf4 b3 56. Rxc4 h3+ 57. Kf2 h2 58. Rxc3 h1=Q 59.
Rg3+ Kh5 60. Bg4+ Kh4 61. Bf3 Bd4+ 0-1

[Event "VL 2017/18"]
[Site "Mecklenburg-Vorpommern"]
[Date "2018.01.21"]
[Round "5.5"]
[White "Kiel, Bernd"]
[Black "Junggebauer, Thomas"]
[Result "1-0"]
[WhiteElo "1892"]
[BlackElo "1888"]
[PlyCount "63"]
[EventDate "2017.??.??"]
[EventType "team-tourn"]
[EventRounds "9"]
[SourceDate "2017.10.08"]
[WhiteTeam "SG Guestrow/Teterow"]
[BlackTeam "ASV Wismar"]

1. e4 c5 2. c3 d5 3. exd5 Qxd5 4. d4 Nc6 5. Nf3 Nf6 6. Na3 a6 7. Nc4 Bg4 8. Ne3
Qd6 9. Nxg4 Nxg4 10. h3 Nf6 11. dxc5 Qxd1+ 12. Kxd1 Ne4 13. Be3 e6 14. Bd3 Rd8
15. Ke2 Nxc5 16. Bc2 Be7 17. a4 O-O 18. b4 Nd7 19. b5 Nce5 20. Be4 Nxf3 21.
Bxf3 axb5 22. a5 Rb8 23. Rhb1 Bc5 24. Rxb5 Bxe3 25. Kxe3 Rfc8 26. Rxb7 Rxc3+
27. Kd4 Rxb7 28. Bxb7 Rb3 29. a6 Nb6 30. a7 g6 31. Ra6 e5+ 32. Kxe5 1-0

[Event "VL 2017/18"]
[Site "Mecklenburg-Vorpommern"]
[Date "2018.01.21"]
[Round "5.6"]
[White "Schulz, Bernd"]
[Black "Ramp, Oliver"]
[Result "1/2-1/2"]
[WhiteElo "1851"]
[BlackElo "1811"]
[PlyCount "24"]
[EventDate "2017.??.??"]
[EventType "team-tourn"]
[EventRounds "9"]
[SourceDate "2017.10.08"]
[WhiteTeam "ASV Wismar"]
[BlackTeam "SG Guestrow/Teterow"]

1. e4 c5 2. c3 Nf6 3. e5 Nd5 4. d4 cxd4 5. cxd4 e6 6. Nc3 d6 7. Nxd5 exd5 8.
Nf3 Nc6 9. Be2 Qb6 10. O-O Be7 11. Re1 O-O 12. b3 dxe5 1/2-1/2

[Event "VL 2017/18"]
[Site "Mecklenburg-Vorpommern"]
[Date "2018.01.21"]
[Round "5.7"]
[White "Hornecker, Siegfried"]
[Black "Podolskiy, Alexander"]
[Result "1/2-1/2"]
[WhiteElo "1872"]
[BlackElo "1847"]
[PlyCount "26"]
[EventDate "2017.??.??"]
[EventType "team-tourn"]
[EventRounds "9"]
[SourceDate "2017.10.08"]
[WhiteTeam "SG Guestrow/Teterow"]
[BlackTeam "ASV Wismar"]

1. e4 e5 2. f4 d5 3. exd5 e4 4. d3 exd3 5. Qxd3 Nf6 6. Nc3 Bc5 7. Be3 Qe7 8.
Kd2 O-O 9. Re1 Bxe3+ 10. Qxe3 Qd6 11. Bd3 Nxd5 12. Nxd5 Qxd5 13. Qe4 Qa5+
1/2-1/2

[Event "VL 2017/18"]
[Site "Mecklenburg-Vorpommern"]
[Date "2018.01.21"]
[Round "5.8"]
[White "Borchert, Ulf"]
[Black "Joers, Pia Milena"]
[Result "1-0"]
[WhiteElo "1833"]
[BlackElo "1623"]
[PlyCount "81"]
[EventDate "2017.??.??"]
[EventType "team-tourn"]
[EventRounds "9"]
[SourceDate "2017.10.08"]
[WhiteTeam "ASV Wismar"]
[BlackTeam "SG Guestrow/Teterow"]

1. d4 d5 2. Nf3 Nf6 3. Bg5 h6 4. Bf4 Bg4 5. e3 e6 6. Bd3 c5 7. c3 Qb6 8. b3
cxd4 9. exd4 Nbd7 10. h3 Bxf3 11. Qxf3 Bd6 12. O-O Bxf4 13. Qxf4 Rc8 14. Re1
O-O 15. Qe3 Qc6 16. c4 b6 17. Nd2 Rfd8 18. Nf3 Qd6 19. Rad1 Qa3 20. Re2 a5 21.
Ne5 a4 22. Nxf7 Re8 23. Ne5 axb3 24. axb3 Qxb3 25. Bh7+ Nxh7 26. Qxb3 Nxe5 27.
Rxe5 Rxc4 28. Qxb6 Nf8 29. Qb7 Rcc8 30. Rb1 Rcd8 31. Re3 Rd7 32. Qc6 Rde7 33.
Rb7 Kf7 34. Rf3+ Kg8 35. Rfb3 Ng6 36. Rxe7 Rxe7 37. Rb7 Kf7 38. Rxe7+ Nxe7 39.
Qd6 Nf5 40. Qe5 Ke7 41. g4 1-0

[Event "VL 2017/18"]
[Site "Mecklenburg-Vorpommern"]
[Date "2018.01.21"]
[Round "5.1"]
[White "Rossmann, Andreas"]
[Black "Moeller, Peter"]
[Result "1/2-1/2"]
[WhiteElo "1942"]
[BlackElo "2025"]
[PlyCount "37"]
[EventDate "2017.??.??"]
[EventType "team-tourn"]
[EventRounds "9"]
[SourceDate "2017.10.08"]
[WhiteTeam "SG Neubrandenburg"]
[BlackTeam "HSG Uni Rostock"]

1. Nf3 d5 2. d4 c6 3. g3 Bf5 4. Bg2 e6 5. O-O Be7 6. b3 h6 7. Bb2 Nf6 8. Nbd2
O-O 9. Ne5 Nbd7 10. Nxd7 Qxd7 11. Nf3 Qc7 12. c4 b5 13. c5 a5 14. a3 a4 15. b4
Nd7 16. Re1 Be4 17. Bc1 Bf6 18. Bf4 Qd8 19. Ra2 1/2-1/2

[Event "VL 2017/18"]
[Site "Mecklenburg-Vorpommern"]
[Date "2018.01.21"]
[Round "5.2"]
[White "Schoenrock, Ruediger"]
[Black "Hartung, Lothar"]
[Result "1/2-1/2"]
[WhiteElo "1940"]
[BlackElo "1777"]
[PlyCount "43"]
[EventDate "2017.??.??"]
[EventType "team-tourn"]
[EventRounds "9"]
[SourceDate "2017.10.08"]
[WhiteTeam "HSG Uni Rostock"]
[BlackTeam "SG Neubrandenburg"]

1. e4 c5 2. c3 e6 3. d4 d5 4. exd5 Qxd5 5. Nf3 Nc6 6. Na3 a6 7. Nc4 Qd8 8. Be3
cxd4 9. Nxd4 Nxd4 10. Qxd4 Qxd4 11. Bxd4 f6 12. Nb6 Rb8 13. Nxc8 Rxc8 14. Be2
Ne7 15. O-O Kf7 16. Rfd1 Nf5 17. Bf3 Nd6 18. Rac1 b5 19. b4 Be7 20. Bc5 Rhd8
21. Rd3 Nc4 22. Rxd8 1/2-1/2

[Event "VL 2017/18"]
[Site "Mecklenburg-Vorpommern"]
[Date "2018.01.21"]
[Round "5.3"]
[White "Stoevesand, Peter"]
[Black "Hammel, Ralf"]
[Result "1/2-1/2"]
[WhiteElo "1901"]
[BlackElo "1917"]
[PlyCount "49"]
[EventDate "2017.??.??"]
[EventType "team-tourn"]
[EventRounds "9"]
[SourceDate "2017.10.08"]
[WhiteTeam "SG Neubrandenburg"]
[BlackTeam "HSG Uni Rostock"]

1. e4 e6 2. d4 d5 3. Nc3 Bb4 4. e5 c5 5. Qg4 Ne7 6. Bb5+ Bd7 7. Bxd7+ Nxd7 8.
dxc5 Bxc3+ 9. bxc3 Qa5 10. Ne2 Nf5 11. Qb4 Qxc5 12. Qxc5 Nxc5 13. O-O Rc8 14.
Rb1 b6 15. Rd1 Ne4 16. Rd3 Nc5 17. Rh3 O-O 18. Ba3 Rfe8 19. Kf1 Ne4 20. Rd3 Nc5
21. Bxc5 Rxc5 22. Ke1 Rec8 23. Kd2 Ra5 24. Rb2 Rc4 25. Nd4 1/2-1/2

[Event "VL 2017/18"]
[Site "Mecklenburg-Vorpommern"]
[Date "2018.01.21"]
[Round "5.4"]
[White "Ivanov, Sergey"]
[Black "Baier, Karsten"]
[Result "1-0"]
[WhiteElo "1833"]
[BlackElo "1868"]
[PlyCount "109"]
[EventDate "2017.??.??"]
[EventType "team-tourn"]
[EventRounds "9"]
[SourceDate "2017.10.08"]
[WhiteTeam "HSG Uni Rostock"]
[BlackTeam "SG Neubrandenburg"]

1. c4 Nf6 2. Nc3 d6 3. Nf3 g6 4. g3 Bg7 5. Bg2 O-O 6. O-O e5 7. d4 exd4 8. Nxd4
Nbd7 9. b3 Re8 10. Bb2 Nc5 11. Re1 Nce4 12. Nxe4 Nxe4 13. Qd3 Ng5 14. Rab1 c6
15. e4 Nh3+ 16. Kf1 Ng5 17. h4 Ne6 18. Nxe6 fxe6 19. Bxg7 Kxg7 20. Rbd1 d5 21.
exd5 exd5 22. Rxe8 Qxe8 23. cxd5 Bd7 24. dxc6 Bxc6 25. Bxc6 Qxc6 26. Qd7+ Kh6
27. Qxc6 bxc6 28. Rd7 a5 29. Rc7 Ra6 30. Kg2 a4 31. b4 a3 32. Rb7 Ra4 33. Rc7
Ra6 34. Rb7 Ra8 35. Rb6 Rc8 36. g4 c5 37. b5 c4 38. Rc6 Rb8 39. Rxc4 Rxb5 40.
Ra4 Kg7 41. Rxa3 Kf6 42. g5+ Kf5 43. Kg3 Rc5 44. Ra7 Rc3+ 45. f3 Re3 46. Rf7+
Ke6 47. Ra7 Kf5 48. a4 Re8 49. Rxh7 Re7 50. Rh8 Re8 51. Rh6 Re5 52. h5 Kxg5 53.
f4+ Kxh6 54. fxe5 gxh5 55. a5 1-0

[Event "VL 2017/18"]
[Site "Mecklenburg-Vorpommern"]
[Date "2018.01.21"]
[Round "5.5"]
[White "Kunow, Frank"]
[Black "Schwetlick, Thomas"]
[Result "1-0"]
[WhiteElo "1875"]
[BlackElo "1815"]
[PlyCount "77"]
[EventDate "2017.??.??"]
[EventType "team-tourn"]
[EventRounds "9"]
[SourceDate "2017.10.08"]
[WhiteTeam "SG Neubrandenburg"]
[BlackTeam "HSG Uni Rostock"]

1. Nf3 Nf6 2. c4 g6 3. b4 Bg7 4. Bb2 O-O 5. g3 d5 6. cxd5 Nxd5 7. Bxg7 Kxg7 8.
Qb3 c6 9. Bg2 a5 10. b5 cxb5 11. Qxb5 Nb4 12. O-O Bd7 13. Qe5+ f6 14. Qb2 e5
15. a3 N4a6 16. Qxb7 Nc6 17. Nxe5 Nxe5 18. Qxa8 Qxa8 19. Bxa8 Rxa8 20. Nc3 Nc6
21. Rab1 Rb8 22. Rxb8 Naxb8 23. e3 Kh6 24. d4 Bh3 25. Rb1 Nd7 26. f4 Ne7 27.
Rb5 Nf5 28. Nd5 Nd6 29. Rxa5 Ne4 30. Rb5 g5 31. fxg5+ fxg5 32. a4 Nd2 33. a5
Kh5 34. Nf4+ Kg4 35. Nxh3 Kxh3 36. a6 Nf6 37. a7 Nfe4 38. Rf5 Kg4 39. Rf8 1-0

[Event "VL 2017/18"]
[Site "Mecklenburg-Vorpommern"]
[Date "2018.01.21"]
[Round "5.6"]
[White "Sager, Bernd"]
[Black "Witkowski, Rainer"]
[Result "0-1"]
[WhiteElo "1818"]
[BlackElo "1849"]
[PlyCount "76"]
[EventDate "2017.??.??"]
[EventType "team-tourn"]
[EventRounds "9"]
[SourceDate "2017.10.08"]
[WhiteTeam "HSG Uni Rostock"]
[BlackTeam "SG Neubrandenburg"]

1. d4 e6 2. c4 f5 3. Nf3 Nf6 4. g3 d5 5. Bg2 c6 6. Qc2 Be7 7. O-O O-O 8. e3 Ne4
9. Ne5 Nd7 10. Nd3 b5 11. Nf4 Nb8 12. b3 Rf6 13. f3 Nd6 14. cxb5 cxb5 15. Bd2
Bd7 16. Rc1 Nc6 17. Qd1 Qb6 18. Nc3 Rff8 19. Nce2 a5 20. Nd3 Nb7 21. Qe1 Rfc8
22. Kh1 Ba3 23. Rc2 Rc7 24. Bc1 Bd6 25. Bb2 a4 26. Rac1 axb3 27. axb3 b4 28. e4
Nba5 29. exd5 exd5 30. f4 Be6 31. Ng1 Re7 32. Nc5 Bf7 33. Qf2 Rae8 34. Nf3 Bxc5
35. dxc5 Qb5 36. Nd4 Nxd4 37. Bxd4 Nxb3 38. Rg1 Re2 0-1

[Event "VL 2017/18"]
[Site "Mecklenburg-Vorpommern"]
[Date "2018.01.21"]
[Round "5.7"]
[White "Winkler, Karl"]
[Black "Schroeder, Christian"]
[Result "0-1"]
[WhiteElo "1829"]
[BlackElo "1741"]
[PlyCount "102"]
[EventDate "2017.??.??"]
[EventType "team-tourn"]
[EventRounds "9"]
[SourceDate "2017.10.08"]
[WhiteTeam "SG Neubrandenburg"]
[BlackTeam "HSG Uni Rostock"]

1. e4 c5 2. Nf3 d6 3. d4 cxd4 4. Nxd4 Nf6 5. Nc3 a6 6. Bd3 e5 7. Nb3 Be7 8. O-O
O-O 9. f3 b5 10. a3 Nbd7 11. Be3 Nc5 12. Nxc5 dxc5 13. Qe1 Qc7 14. Qf2 Bb7 15.
Rfd1 Rfd8 16. Rd2 Nd7 17. Rad1 Nf8 18. Bf1 Rxd2 19. Rxd2 Rc8 20. Nd5 Bxd5 21.
Rxd5 Ne6 22. Qd2 Rd8 23. c3 c4 24. g3 Rxd5 25. Qxd5 Bc5 26. Kf2 Bxe3+ 27. Kxe3
Qc5+ 28. Kd2 Qxd5+ 29. exd5 Nc5 30. Bg2 Kf8 31. f4 f6 32. fxe5 fxe5 33. Ke3 Ke7
34. Bf3 Kd6 35. Bg2 Na4 36. Be4 h6 37. Bc2 Nxb2 38. Ke4 Nd3 39. h3 Nc5+ 40. Kf5
Kxd5 41. Kg6 e4 42. Kxg7 e3 43. Bd1 Ke4 44. Kxh6 Kd3 45. g4 e2 46. Bxe2+ Kxe2
47. g5 Kd2 48. g6 Ne6 49. g7 Nxg7 50. Kxg7 Kxc3 51. h4 Kb3 0-1

[Event "VL 2017/18"]
[Site "Mecklenburg-Vorpommern"]
[Date "2018.01.21"]
[Round "5.8"]
[White "Hantel, Thomas"]
[Black "Leisner, Ekkehardt"]
[Result "1/2-1/2"]
[WhiteElo "1626"]
[BlackElo "1779"]
[PlyCount "85"]
[EventDate "2017.??.??"]
[EventType "team-tourn"]
[EventRounds "9"]
[SourceDate "2017.10.08"]
[WhiteTeam "HSG Uni Rostock"]
[BlackTeam "SG Neubrandenburg"]

1. d4 Nf6 2. c4 e6 3. Nf3 d5 4. Bg5 Be7 5. e3 Nbd7 6. Nc3 a6 7. Rc1 O-O 8. Bd3
c6 9. O-O dxc4 10. Bxc4 b5 11. Bd3 Bb7 12. Qc2 h6 13. Bh4 Rc8 14. Qe2 c5 15.
dxc5 Nxc5 16. Bb1 b4 17. Nd1 a5 18. Qd2 Qb6 19. b3 Rfd8 20. Qb2 Nce4 21. Ne5
Rxc1 22. Qxc1 g5 23. Bg3 Nxg3 24. hxg3 Rc8 25. Qd2 Be4 26. Bxe4 Nxe4 27. Qd7
Qc7 28. Qxc7 Rxc7 29. Nc4 a4 30. Ndb2 axb3 31. axb3 Rd7 32. Rd1 Rxd1+ 33. Nxd1
Nc5 34. Na5 Kf8 35. Nb2 Ke8 36. Kf1 Kd7 37. Ke2 Bd8 38. Nac4 Nxb3 39. Nd3 Be7
40. Nce5+ Ke8 41. Nc6 Kd7 42. Nxe7 Kxe7 43. Nxb4 1/2-1/2

[Event "VL 2017/18"]
[Site "Mecklenburg-Vorpommern"]
[Date "2018.01.21"]
[Round "5.1"]
[White "Mildner, Jens"]
[Black "Schreiber, Kevin"]
[Result "1/2-1/2"]
[WhiteElo "2038"]
[BlackElo "2086"]
[PlyCount "90"]
[EventDate "2017.??.??"]
[EventType "team-tourn"]
[EventRounds "9"]
[SourceDate "2017.10.08"]
[WhiteTeam "Greifswalder SV II"]
[BlackTeam "SF Schwerin II"]

1. d4 Nf6 2. c4 d6 3. Nc3 Nbd7 4. e4 e5 5. Nf3 c6 6. Be2 Qc7 7. O-O g6 8. h3
Bg7 9. Be3 O-O 10. Qc2 Nh5 11. Rfd1 Nf4 12. Bf1 f5 13. dxe5 dxe5 14. exf5 Rxf5
15. Nd2 Nf8 16. Nde4 N8e6 17. Ne2 c5 18. Nd6 Nd4 19. Nxd4 cxd4 20. Bxf4 Qxd6
21. Bg3 Be6 22. Bd3 Rf7 23. Re1 Bf5 24. Rad1 Qc5 25. Qe2 e4 26. Bxe4 Re8 27.
Qd3 Bxe4 28. Rxe4 Rxe4 29. Qxe4 Qxc4 30. b3 Qc6 31. Qd3 h5 32. f3 Kh7 33. Bf2
Qc3 34. Be1 Qxd3 35. Rxd3 Rc7 36. Kf1 Rc2 37. Rd2 Rc3 38. Ke2 Rc6 39. Bf2 Bh6
40. Rxd4 Rc2+ 41. Ke1 Rxa2 42. Rd7+ Kg8 43. Rxb7 Ra1+ 44. Ke2 Ra2+ 45. Ke1 Ra1+
1/2-1/2

[Event "VL 2017/18"]
[Site "Mecklenburg-Vorpommern"]
[Date "2018.01.21"]
[Round "5.2"]
[White "Hornych, Christoph"]
[Black "Valet, Richard"]
[Result "1-0"]
[WhiteElo "2056"]
[BlackElo "1980"]
[PlyCount "85"]
[EventDate "2017.??.??"]
[EventType "team-tourn"]
[EventRounds "9"]
[SourceDate "2017.10.08"]
[WhiteTeam "SF Schwerin II"]
[BlackTeam "Greifswalder SV II"]

1. e4 c5 2. Nf3 Nc6 3. d4 cxd4 4. Nxd4 Nf6 5. Nc3 e5 6. Ndb5 d6 7. Bg5 a6 8.
Na3 b5 9. Nd5 Be7 10. Bxf6 Bxf6 11. c3 Bg5 12. Nc2 Rb8 13. Bd3 Be6 14. Nce3
Bxe3 15. Nxe3 O-O 16. O-O Qg5 17. a4 Ne7 18. axb5 axb5 19. Ra6 Rfd8 20. Qe2 Ng6
21. g3 Nf4 22. Qc2 Bh3 23. Rd1 Kh8 24. Bf1 d5 25. exd5 f5 26. Bxh3 Nxh3+ 27.
Kg2 f4 28. Kxh3 fxe3 29. fxe3 e4 30. Qd2 Rf8 31. d6 h5 32. Kg2 Qf5 33. Qe2 Qe5
34. d7 Rbd8 35. Rad6 Rf5 36. R6d4 h4 37. Qg4 Qf6 38. Qxh4+ Qxh4 39. gxh4 Re5
40. Kg3 Re7 41. b3 Kg8 42. c4 bxc4 43. bxc4 1-0

[Event "VL 2017/18"]
[Site "Mecklenburg-Vorpommern"]
[Date "2018.01.21"]
[Round "5.3"]
[White "Schwahn, Christian"]
[Black "Westphal, Wolfgang"]
[Result "1/2-1/2"]
[WhiteElo "1950"]
[BlackElo "2131"]
[PlyCount "76"]
[EventDate "2017.??.??"]
[EventType "team-tourn"]
[EventRounds "9"]
[SourceDate "2017.10.08"]
[WhiteTeam "Greifswalder SV II"]
[BlackTeam "SF Schwerin II"]

1. d4 Nf6 2. g3 e6 3. Bg2 Nc6 4. Nf3 Be7 5. O-O O-O 6. c4 d5 7. Ne5 Nxe5 8.
dxe5 Nd7 9. cxd5 Nxe5 10. dxe6 Bxe6 11. Nc3 c6 12. Bf4 Ng6 13. Be3 Qa5 14. Qa4
Qxa4 15. Nxa4 Rfd8 16. f4 Bc4 17. Kf2 Nf8 18. Rfc1 Be6 19. Nc5 Bxc5 20. Rxc5
Nd7 21. Ra5 a6 22. f5 Bc4 23. b3 Bb5 24. a4 b6 25. axb5 bxa5 26. bxc6 Nf6 27.
Bb6 Rd2 28. Ke1 Rc2 29. Bf3 Rc8 30. Rxa5 R2xc6 31. Bxc6 Rxc6 32. Rc5 Rxc5 33.
Bxc5 Ne4 34. Bb4 g6 35. fxg6 hxg6 36. e3 f5 37. Ke2 Kf7 38. Kf3 Nf6 1/2-1/2

[Event "VL 2017/18"]
[Site "Mecklenburg-Vorpommern"]
[Date "2018.01.21"]
[Round "5.4"]
[White "Roehl, Rainer"]
[Black "Sowada, Christoph"]
[Result "1/2-1/2"]
[WhiteElo "2056"]
[BlackElo "1911"]
[PlyCount "20"]
[EventDate "2017.??.??"]
[EventType "team-tourn"]
[EventRounds "9"]
[SourceDate "2017.10.08"]
[WhiteTeam "SF Schwerin II"]
[BlackTeam "Greifswalder SV II"]

1. d4 f5 2. Nf3 d6 3. h4 Nf6 4. h5 c6 5. c3 Be6 6. Qc2 Qc8 7. Bg5 Bf7 8. h6 g6
9. Nbd2 Nbd7 10. e3 Qc7 1/2-1/2